[Event "Sarkisov Memorial"]
[Site "Krasnodar"]
[Date "1999.??.??"]
[Round "2.1"]
[White "Moldobaev, Emelbek"]
[Black "Beshukov, Sergei"]
[Result "1/2-1/2"]
[WhiteElo "2440"]
[BlackElo "2510"]
[Annotator "Tsesarsky,I"]
[PlyCount "62"]
[EventDate "1999.??.??"]
[EventType "tourn"]
[EventRounds "14"]
[EventCountry "RUS"]
[EventCategory "9"]
[SourceTitle "CBM 075"]
[Source "ChessBase"]
[SourceDate "2000.04.05"]
[SourceVersion "1"]
[SourceVersionDate "2000.04.05"]
[SourceQuality "1"]

1. Nf3 d5 2. d4 c6 3. c4 e6 4. Qc2 Nf6 5. Bg5 (5. Bf4 $6 {This move not
promises advantage for White,but is better than 6.Bf4 after 5...h6} dxc4 $1 $11
) 5... h6 6. Bf4 $6 (6. Bh4 $5 Qa5+ (6... Be7 7. e3 Ne4 (7... O-O 8. Nc3 c5 9.
cxd5 cxd4 10. Nxd4 exd5 11. Be2 Nc6 12. Nxc6 (12. Rd1 $14) 12... bxc6 13. O-O
Be6 14. Rfd1 Rb8 15. Na4 $14 {1/2-1/2 Wolrich,Charles-Acs,Peter/EU-ch U14
Verdun (1) ;EXT 97 1995 (32)}) 8. Bxe7 Qxe7 9. Nc3 (9. Bd3 $14) 9... Nd7 10.
Nxe4 (10. Bd3 $14) 10... dxe4 11. Nd2 f5 12. c5 O-O 13. Nc4 e5 14. Nxe5 Nxe5
15. dxe5 Qxe5 16. Rd1 Kh8 17. Be2 Be6 $11 {1/2-1/2 Kelecevic,Nedeljko-Godena,
Michele/Geneve op (6) ;CBM 51 ext 1996 (24)}) (6... Bb4+ 7. Nbd2 (7. Nfd2 O-O
8. e3 Nbd7 9. Nc3 Re8 10. cxd5 exd5 11. Bd3 a5 12. O-O Bd6 13. a3 $14 {[%cal
Ga1b1,Gb2b4]} (13. Bg3 Nf8 14. Bxd6 Qxd6 15. Rfe1 $132 {Schindler,Werner-Boehm,
Uwe/Oberliga Bayern9495 (4) ;EXT 99 1995/1/2-1/2 (64)})) 7... O-O 8. e3 Nbd7 9.
Bd3 $14) (6... Nbd7 7. e3 Qa5+ 8. Nc3 (8. Nbd2 Bb4 9. Bd3 $14) 8... Ne4 9. Bd3
Bb4 (9... Nxc3 10. bxc3 dxc4 11. Bxc4 Nb6 12. Bb3 (12. Bd3 Nd5 13. O-O (13. Rc1
Nxc3 14. Qxc3 Bb4 $19) 13... Qxc3 $15) 12... c5 $15 {0-1 Johansson,
Jan-Chabanon,Jean Luc/Val Thorens op ;EXT 99 1991 (17)}) 10. Bxe4 dxe4 11. Nd2
f5 $132) (6... dxc4 7. Qxc4 Be7 (7... b5 8. Qc2 Bb7 9. e4 $1 (9. Bxf6 gxf6 10.
e4 Nd7 11. Be2 a6 12. O-O Bd6 13. Nc3 Qc7 14. Rad1 c5 15. d5 $14 {1-0 Vera,
Reynaldo-Pavasovic,Dusko/Elista ol (Men) (6) ;CBM 66 ext 1998 (28)}) (9. e3
Nbd7 10. Nbd2 a6 11. a4 Rc8 12. Qb3 Be7 13. Be2 O-O 14. O-O b4 $132 {[%cal
Gc6c5] Ioseliani,Nana-Cosma,Elena Luminita/Wisla Hugart op (Women) ;EXT 2000
1999/1/2-1/2 (49)}) 9... g5 10. Bg3 g4 11. Nfd2 Qxd4 12. Nc3 Nbd7 13. Be2 Be7
14. a4 a6 15. O-O Nh5 16. Bc7 Qg7 17. axb5 cxb5 18. Nxb5 axb5 19. Rxa8+ Bxa8
20. Bxb5 $16 {Kortschnoj,Viktor-Pavasovic,Dusko/Dresden zt (1) ;CBM 65 1998/
1-0 (72)}) 8. Nbd2 b6 9. Qc2 Bb7 10. e4 g5 11. Bg3 g4 12. Ne5 Qxd4 13. O-O-O
Nh5 14. Ndc4 Qc5 15. Nxg4 Nxg3 16. hxg3 Nd7 17. e5 $14 {Gritsak,
Orest-Markowski,Tomasz/POL-chT 55th (3) ;EXT 2000 1999/1/2-1/2 (58)}) 7. Nfd2
Nbd7 8. Nc3 Bb4 9. e3 {This position without moves h7-h6 and Bg5-h4 is
well-known theoretical position.} c5 10. Nb3 Qa4 11. Rc1 dxc4 12. Bxc4 Bxc3+
13. Qxc3 b5 14. Be2 c4 15. Bxf6 gxf6 16. Nd2 Bb7 17. O-O Rc8 18. b3 Qa6 19.
bxc4 $16 {1-0 Assmann,Thomas-Berreth,Marc/Regionalliga NW9697 ;EXT 99 1997 (37)
}) 6... Bb4+ $6 (6... dxc4 $1 {This reaction on is the best also on 5.Bf4} 7.
Qxc4 b5 8. Qc2 Bb7 9. e4 Nbd7 10. Nbd2 a6 11. a4 Rc8 12. Bd3 c5 $1 $132 {
Lazic,Marina-Shumiakina,Tatiana/JUG-chT (Women) (6) ;CBM 59 ext 1997/1-0 (67)})
7. Nbd2 Nbd7 8. a3 (8. e3 O-O 9. Bd3 Qe7 10. O-O c5 $1 {[%csl Rd2][%cal Gc3d5]
This move is strong bacause White N placed on d2, not on c3.} 11. a3 Bxd2 12.
Qxd2 cxd4 13. exd4 dxc4 14. Bxc4 Nb6 15. Bd3 Nfd5 $11 {Czebe,Attila-Arakhamia,
Ketevan/Cappelle op Cappelle la Grande (5) ;EXT 99 1994/1/2-1/2 (64)}) 8... Be7
(8... Bxd2+ 9. Nxd2 $14) 9. e4 $14 {White win struggle for center} (9. e3 Nh5
$1 $11) 9... dxe4 10. Nxe4 Nxe4 (10... Qa5+ 11. Bd2 Qf5 12. Bd3 Nxe4 13. Bxe4
Qh5 $14) 11. Qxe4 c5 (11... O-O 12. O-O-O (12. Bd3 Nf6 13. Qe3 b5 $1 $11) 12...
Nf6 13. Qc2 b5 14. Ne5 Bb7 15. c5 (15. Kb1 bxc4 16. Bxc4 Nd5 (16... Qb6 17.
Bxh6 $1 gxh6 18. Bxe6 $1 Kh8 (18... fxe6 19. Qg6+ Kh8 20. Qxh6+ Nh7 (20... Kg8
21. Rd3 $18) 21. Ng6+ Kg8 22. Nxe7+ Kh8 23. Ng6+ Kg8 24. Nxf8 $18) 19. Bxf7
Bxa3 20. Ng6+ Kg7 21. Nxf8 Kxf8 22. Bb3 $16) 17. Bc1 Rb8 18. Rhe1 $14) 15...
Nd5 16. Bd2 a5 17. b3 $14) 12. O-O-O Qb6 (12... cxd4 13. Nxd4 O-O 14. Bd3 $5 (
14. Be2 Qb6 15. Be3 (15. Rhe1 Nc5 16. Qe3 Rd8 $132) 15... Nc5 16. Qc2 Bd7 17.
Nf5 exf5 18. Rxd7 Bg5 19. Rd5 Bxe3+ 20. fxe3 $132) 14... Nf6 15. Qe3 Qb6 (15...
Bd7 16. Nb5 Bxb5 17. Bh7+ Kxh7 18. Rxd8 Rfxd8 19. cxb5 Nd5 20. Qe4+ Kg8 21. Be5
$14) 16. Bc2 Bd7 17. Qg3 {[%cal Gf4h6]} Nh5 18. Qd3 Nf6 19. Be5 $14) 13. d5 Nf6
14. Qc2 $6 (14. Qe3 $142 $1 Bd7 (14... exd5 15. cxd5 Ng4 16. Qe2 $18 {[%cal
Gd5d6]}) (14... g5 15. Bg3 Nh5 16. Be5 $16) (14... Bd6 15. dxe6 Bxf4 16. exf7+
$16) 15. d6 Bd8 16. Ne5 $16) 14... Bd6 $5 15. Be5 (15. Bxd6 Qxd6 16. dxe6 Qf4+
17. Kb1 Bxe6 18. Qa4+ Bd7 19. Re1+ Kf8 20. Qb3 Bc6 $132) 15... Bxe5 16. Nxe5
O-O 17. Be2 $6 (17. d6 $5 Rd8 18. Qd3 Bd7 19. Be2 Bc6 20. Bf3 Bxf3 21. gxf3 Nd7
(21... Ne8 22. d7 Nf6 23. Rhg1 $16) 22. f4 $14) 17... exd5 18. cxd5 Qd6 19. f4
Rb8 $6 $14 {After b7-b5 Nc6 will attack the black rook.} (19... a6 20. Bf3 b5
21. Rhe1 Bb7 $132) 20. g3 b5 21. Rhe1 c4 22. Bf3 (22. Nc6 Rb7 23. Bf3 Bh3 $14)
22... Bd7 23. Nc6 Rb7 24. Qc3 (24. Re2 $14) 24... Bg4 (24... Re8 25. Re5 $16)
25. Bxg4 Nxg4 26. Re2 (26. Qf3 Nf6 27. Re5 Rd7 $1 (27... c3 28. Qxc3 Rc7 {
[%csl Rc6,Rd5]} 29. Kb1 b4 (29... Nxd5 30. Rexd5 (30. Ne7+ Rxe7 31. Rdxd5 Qg6+
32. Ka2 Rxe5 33. Rxe5 a6 $11) 30... Qxc6 31. Qxc6 Rxc6 32. Rxb5 $16) 30. axb4
Nxd5 31. Rexd5 Qxc6 32. Qxc6 Rxc6 33. Rd7 $16) 28. g4 (28. h3 Rc8 $132) 28...
c3 29. g5 cxb2+ 30. Kxb2 hxg5 31. fxg5 Nh7 $132) 26... Nf6 27. Qe5 $14 Qc5 $5 (
27... Rd7 $14) 28. Qd4 (28. Ne7+ $14) 28... Qd6 29. Qe5 Qc5 30. Qd4 $6 {
Maybe both of sides were in time pressure?} (30. Ne7+ Kh8 (30... Kh7 31. d6
Qxe5 (31... Nd7 32. Qe4+ $18) 32. fxe5 $16) 31. Nf5 $1 (31. d6 Qb6 $1 (31...
Nd7 32. Qe4 $16) (31... Qxe5 32. fxe5 $16) 32. Nf5 (32. Red2 Rd8 33. Nf5 b4 34.
axb4 Qxb4 35. g4 Rb5 36. Qd4 Rd5 37. Qc3 Qxc3+ 38. bxc3 Rxd2 39. Rxd2 Nxg4 $17)
32... Rd7 (32... b4 33. axb4 Qxb4 34. d7 Rd8 35. Nd6 Rdxd7 36. Nxb7 Rxd1+ 37.
Kxd1 Qxb7 38. Qd4 $16) 33. Nxh6 Qd8 $1 (33... Re8 34. Qg5 (34. Qxe8+ Nxe8 35.
Rxe8+ Kh7 36. Nxf7 Rxf7 37. d7 Rxd7 38. Rxd7 Qg1+ 39. Rd1 Qxh2 40. Re3 $14)
34... Rxe2 35. Nf5 Ne8 36. Qh5+ Kg8 37. Qxe2 $18) 34. Qg5 (34. Nf5 $6 Re8 $1
35. Ne7 Rexe7 36. Qxe7 Rxe7 37. dxe7 Qc7 38. Rd8+ (38. e8=Q+ Nxe8 39. Rxe8+ Kh7
40. Rd5 Qb6 41. Kc2 Qf2+ 42. Rd2 Qf3 $11) 38... Kh7 39. e8=Q Nxe8 40. Rdxe8 $11
) 34... gxh6 35. Qxh6+ Nh7 36. Qh5 Qb6 $15) 31... Re8 (31... b4 32. d6 Qxe5 33.
fxe5 $16) 32. Qd4 (32. Qxf6 gxf6 33. Rxe8+ Kh7 $17 34. g4 Qf2 35. d6 Qxf4+ $17)
32... Qxd4 33. Rxe8+ Nxe8 34. Nxd4 $14) 30... Qd6 31. Qe5 Qxe5 (31... Qxe5 32.
fxe5 Re8 33. d6 Nd7 (33... Rd7 34. Ne7+ Rexe7 35. dxe7 Rxe7 36. Rd6 $16) 34.
Ne7+ Kf8 35. Rd5 $14 (35. e6 fxe6 36. Rxe6 Kf7 37. Re2 Nf6 38. Re5 $14))
1/2-1/2

[Event "RUS-ch"]
[Site "Elista"]
[Date "1996.??.??"]
[Round "8"]
[White "Ibragimov, Ildar"]
[Black "Filippov, Valerij"]
[Result "1-0"]
[WhiteElo "2545"]
[BlackElo "2565"]
[Annotator "Tsesarsky,I"]
[PlyCount "135"]
[EventDate "1996.10.15"]
[EventType "swiss"]
[EventRounds "11"]
[EventCountry "RUS"]
[SourceTitle "CBM 056"]
[Source "ChessBase"]
[SourceDate "1997.02.01"]
[SourceVersion "1"]
[SourceVersionDate "1997.02.01"]
[SourceQuality "1"]

1. d4 {Belov Hecht} d5 2. c4 c6 3. Nf3 Nf6 4. Qc2 e6 5. Bg5 h6 6. Bh4 (6. Bxf6
{Belov} Qxf6 7. g3 (7. Nbd2 Nd7 8. e3 Bd6 9. Bd3 Qe7 10. e4 dxe4 11. Bxe4 c5
12. O-O cxd4 13. Nb3 Nc5 14. Nbxd4 a6 15. Rfe1 Qc7 $10 {Goldin,A-Bareev,E/
Podolsk/1990/0,5/41/}) (7. e3 Nd7 8. cxd5 exd5 9. Bd3 Bd6 10. O-O O-O 11. Nbd2
Qe7 12. Rab1 Nf6 $10 {Kraidman,Y-Agdestein,S/Jerusalem/1986/0:1/48/}) 7... Nd7
8. Nbd2 dxc4 9. Bg2 Bb4 10. Qxc4 Qe7 11. O-O Bd6 12. Ne4 Bc7 13. b4 $14 {
Schlosser,P-Godena,M/Horgen SKA/1994/0,5/31/}) 6... dxc4 (6... Nbd7 7. e3 Qa5+
(7... Be7 {Belov} 8. Nc3 O-O 9. Bd3 dxc4 10. Bxc4 Nd5 11. Bg3 $1 Nxc3 12. bxc3
c5 13. O-O Nb6 14. Bd3 Bd7 15. Bh7+ Kh8 16. Be4 $14 {Kasparov,G-Anand,V/Paris
Immopar(25')/1992/1:0/65/}) 8. Nc3 Ne4 9. Bd3 Nxc3 10. bxc3 dxc4 11. Bxc4 Nb6
12. Bb3 (12. Bd3 Nd5 13. O-O Qxc3 14. Qe2 Ba3 15. Rab1 O-O 16. Rb3 Qa5 $15)
12... c5 13. Ne5 (13. Nd2 cxd4 14. cxd4 Bb4 15. Rd1 (15. Ke2 $2 Bxd2 16. Qxd2
Qh5+ $19) 15... Bd7 16. Bg3 (16. O-O Rc8 $19) 16... Rc8 17. Qd3 Bb5 $17) 13...
Bd6 14. Nxf7 $4 (14. Bd8 $1 Bxe5 (14... Kxd8 15. Nxf7+ Ke7 16. Nxh8 c4 17. O-O
cxb3 18. axb3 $16) 15. Bxb6 axb6 16. dxe5 b5 17. Qb2 $11) (14. Nc4 $6 Nxc4 15.
Bxc4 b5 16. Bd3 cxd4 17. exd4 Ba6 $15) 14... Kxf7 15. Qf5+ Ke8 16. Qg6+ Kf8 17.
Qf5+ $4 {0-1 Johansson,J-Chabanon,J/Val Thorens 1991 (Tsesarsky)}) (6... Bb4+
7. Nfd2 O-O 8. e3 Nbd7 9. Nc3 Re8 10. cxd5 exd5 11. Bd3 $11 {1/2-1/2 Schindler
Werner-Boehm Uwe/Bayern Oberliga 1995 (64)}) 7. Qxc4 b5 (7... Qa5+ 8. Nbd2 Ne4
9. a3 Nxd2 10. Nxd2 Bd6 11. b4 Qh5 12. Ne4 Bc7 13. Bg3 $14 {1-0 Loeffler,
S-Thesing,M/BL 1996 (40)}) 8. Qc2 Bb7 9. e3 (9. Bxf6 $1 {Speelman,J} gxf6 $5 (
9... Qxf6 {Belov} 10. e3 Nd7 11. Nc3 a6 12. Bd3 Bd6 13. O-O Qe7 14. Rac1 Rc8
15. Rfd1 c5 16. dxc5 Nxc5 17. Nxb5 $1 axb5 18. Bxb5+ Kf8 19. b4 $14 {Speelman,
J-Sherbakov,R/Calcutta op/1996/0,5/43/})) 9... Nbd7 10. Nbd2 (10. Be2 Rc8 11.
O-O Be7 12. Nbd2 c5 13. dxc5 Rxc5 14. Qb1 Qb6 15. b4 Rc8 16. a4 bxa4 17. Rxa4
$11 {1/2-1/2 Simic,R-Kosic,D/JUG-chT2 1993 (30)}) 10... Rc8 11. Be2 (11. Bxf6
Qxf6 (11... Nxf6 12. Bd3 (12. O-O-O $6 Qa5 13. Kb1 (13. Qb3 a6 14. Nc4 Qc7 $17)
13... c5 14. Qc3 Qa4 15. Bd3 Bd6 $15) 12... a6 13. Nb3 Bb4+ 14. Ke2 c5 15. Nxc5
(15. dxc5 Nd7 16. Rhd1 Qf6 17. a3 Bxc5 18. Rac1 Bb6 19. Qb1 Rxc1 20. Rxc1 O-O
21. Nbd2 $15) 15... Bxf3+ 16. gxf3 Nd7 17. a3 Bxc5 18. Rac1 O-O 19. dxc5 Rxc5
20. Qd2 Qh4 21. Be4 Rd8 22. Qb4 {[%csl Rh4][%cal Ge4h7]} Qg5 (22... Rxc1 23.
Bh7+ Kxh7 24. Qxh4 $16) 23. f4 Qh5+ 24. Bf3 Qf5 25. Rhd1 Rxc1 26. Rxc1 Nb6 $15)
(11... gxf6 12. e4 a6 $15 {[%cal Gc6c5]}) 12. Bd3 Bb4 13. O-O Qe7 14. Rac1 $14)
11... c5 $2 (11... a6 12. a4 (12. Qb3 c5 13. O-O $11) 12... c5 13. d5 (13. axb5
cxd4) 13... exd5 14. axb5 axb5 15. Bxb5 Qb6 16. Qb3 {[%cal Rh4f6]} Bc6 17. Bxc6
Qxc6 $11) 12. Bxf6 gxf6 (12... Nxf6 {Belov} 13. Bxb5+ Bc6 14. Qa4 $16) (12...
Qxf6 {Belov} 13. Bxb5 cxd4 14. Bxd7+ Kxd7 15. Qa4+ Bc6 16. Qxa7+ Rc7 17. Qxd4+
$18) 13. d5 $1 (13. Bxb5 cxd4 14. Qa4 dxe3 15. fxe3 a6 16. Bxd7+ Qxd7 17. Qxd7+
Kxd7 $15) 13... Bxd5 (13... a6 {Belov} 14. dxe6 fxe6 15. Qg6+ Ke7 16. O-O $36)
(13... exd5 {Belov} 14. Bxb5 Bd6 15. O-O $16) 14. Bxb5 Bd6 $2 (14... Rg8 $5 15.
e4 Bb7 16. O-O $14) 15. e4 Bc6 (15... Bb7 16. Nc4 $16 {[%cal Ga1d1]} (16. Nc4 {
Belov} Be7 17. Rd1 Rc7 18. Qa4 $16)) 16. Nc4 $1 $16 Nb6 (16... Bxb5 $4 {Belov}
17. Nxd6+ Ke7 18. Nxb5 $18) 17. Bxc6+ Rxc6 18. O-O (18. Nxd6+ $6 Qxd6 19. Rd1
Qf4 $14) 18... Ke7 (18... Nxc4 19. Qxc4 Rb6 20. b3 Rb4 21. Qc2 $16) 19. Rad1
Nxc4 20. Qxc4 Qb8 21. b3 Qb4 22. Qe2 (22. Qxb4 {Belov} cxb4 23. Rd2 Rhc8 24.
Rfd1 R8c7 25. g3 Be5 $10) (22. Rc1 $14 {Belov}) 22... Rg8 (22... c4 {Belov} 23.
Nd4 Rc7 24. Rc1 c3 (24... cxb3 $4 25. Rxc7+ Bxc7 26. Nc6+ $18) 25. Nb5 Rc6 26.
Qd3 Be5 (26... Rhc8 $2 27. Nxa7 $18) 27. Rfd1 $16) 23. Rc1 (23. Nd2 $16 {
[%cal Rd2c4]}) 23... Qa3 24. Rc2 Qa6 25. Rc4 (25. Qxa6 {Belov} Rxa6 26. Nd2 h5
27. Nc4 Bc7 $14) 25... Rb6 26. g3 Rb4 27. Rfc1 Qb7 28. Ne1 Rg5 (28... Rc8 $5 {
Belov}) 29. Nd3 Rxc4 30. Rxc4 h5 $6 (30... Qb5 $16) (30... Qb6 {Belov} 31. f4
Rg8 32. e5 fxe5 33. fxe5 Bb8 34. Rxc5 Rc8 35. b4 a5 36. a3 $16) 31. f4 Rg4 32.
e5 $1 (32. Qe3 e5 33. fxe5 fxe5 34. h3 Rg8 35. Nxc5 $18) 32... fxe5 33. fxe5
Bc7 34. Rxg4 hxg4 {[#]_|_ Hecht: gleichwertige Leichtfiguren, 1 weißer Mehr-P
bei verteilten P-Mehrheiten auf den Flügeln und im Zentrum. Nach Q-Tausch
gewinnt der N} 35. Qxg4 c4 $1 (35... Qd5 36. Qh4+ Ke8 (36... Kd7 37. Qc4 Bb6
38. a4 Ke8 39. Qxd5 (39. a5 $2 Qxc4 40. bxc4 Bxa5 41. h4 (41. Nxc5 $4 Bb6 $19)
41... Bc3 42. h5 a5 43. h6 Kf8 $17) 39... exd5 40. Kf1 c4 41. bxc4 dxc4 42. Ne1
Bc7 43. Nf3 Ke7 44. Ke2 Ke6 45. h4 Kd5 (45... Bxe5 46. Nxe5 Kxe5 47. Kd2 $18)
46. h5 $18) 37. Qc4 Bb6 38. Qxd5 exd5 39. Nf4 c4+ 40. Kf1 c3 41. Ke2 d4 42. Kd3
$18) (35... Bb6 $22 {Belov} 36. Qc4 Qf3 37. Nf2 Ke8) 36. Qh4+ Ke8 37. Qh8+ Ke7
38. Qf6+ $138 Ke8 39. Qh8+ Ke7 40. Qh4+ Ke8 41. Qxc4 (41. bxc4 $4 {Belov} Qb1+
$19) 41... Bb6+ 42. Nf2 $8 (42. Nc5 Qc7 43. b4 Qxe5 $132) (42. Kf1 {Belov} Qh1+
43. Ke2 Qxh2+ 44. Kd1 Qxg3 $13) 42... Qf3 43. Qc2 Qe3 (43... Ke7 {Belov} 44.
Kf1 Qe3 45. Qe2 $18) 44. Kg2 Qxe5 45. h4 $16 Ke7 (45... f5 $5 {Belov}) 46. Ne4
f5 (46... Qd5 {Belov} 47. Qc4) 47. Ng5 Kf6 48. Nf3 Qd5 49. Qc4 Qxc4 $2 (49...
Qd1 $16) (49... Qb7 {Belov} 50. Qc3+ Kg6 51. Qe5 Kf7 52. h5 $18) 50. bxc4 $18 {
Winning for White because of two free pawns c and h} e5 51. Nd2 e4 52. Nb3 Bc7
(52... Ke5 53. c5 Bd8 54. h5 Bg5 55. c6 Kd6 56. Nd4 Bf6 57. Nxf5+ Kxc6 58. h6
Kd5 59. h7 Ke5 (59... Ke6 60. g4 $18) 60. Nh4 $18) 53. Nd4 f4 (53... Bd6 {Belov
} 54. Nb5 Bc5 55. Nc7 Kg6 56. Nd5 a6 57. Nf4+ Kf6 58. Nd5+ Kg6 $16) 54. gxf4
Bxf4 55. h5 (55. Kh3 $5 {Belov}) 55... Ke5 (55... Kg5 $2 {Belov} 56. Ne6+ Kf5
57. Nxf4 Kxf4 58. h6 $18) (55... Be3 $5 {Belov} 56. Nb5 Kf5 57. Nd6+ Ke5 58.
Nf7+ Kf6 59. Nd6 Ke5 $16) 56. Nb3 Kf5 57. Kf2 Kg5 (57... Kg4 58. Nd4 Kxh5) 58.
Nd4 Kxh5 59. c5 Be5 (59... Kg6 60. Ne6 Be5 61. c6 Kf5 62. c7 Bxc7 63. Nxc7 $18)
60. Ke3 Kg6 61. Kxe4 Kf6 62. Nc6 $1 Bg3 63. Kd5 (63. Nxa7 {Belov} Ke6 64. Nb5
Bf2 65. c6 Be1 66. a4 Ba5 67. Kd4 Be1 68. Kc5 Bf2+ 69. Kb4 Be1+) 63... a6 64.
a4 Be1 65. Nb8 a5 66. Na6 Bg3 67. Kc6 Ke6 68. Kb7 (68. Kb7 Kd5 69. c6 Kc4 70.
c7 Bxc7 71. Kxc7 Kb3 72. Nc5+ Kb4 73. Kb6 Kc4 74. Nd3 $18) 1-0

[Event "Politiken zt"]
[Site "Munkebo"]
[Date "1998.09.12"]
[Round "1.4"]
[White "Olafsson, Helgi"]
[Black "Rodgaard, John"]
[Result "1-0"]
[WhiteElo "2505"]
[BlackElo "2320"]
[Annotator "Tsesarsky,I"]
[PlyCount "69"]
[EventDate "1998.09.10"]
[EventType "k.o."]
[EventRounds "5"]
[EventCountry "DEN"]
[SourceTitle "CBM 067"]
[Source "ChessBase"]
[SourceDate "1998.11.30"]
[SourceVersion "2"]
[SourceVersionDate "1998.11.01"]
[SourceQuality "1"]

{[%mdl 16416]} 1. d4 d5 2. c4 e6 3. Nf3 c6 4. Qc2 Nf6 5. g3 b6 (5... dxc4 6.
Qxc4 b5 {Theory}) 6. Bg2 Bb7 7. O-O Bd6 (7... Nbd7 8. b3 (8. cxd5 cxd5 9. Bf4
Rc8 10. Qb3 Be7 11. Nc3 a6 12. Ne5 O-O 13. Nxd7 Nxd7 {1/2-1/2 Sturua,
Z-Sherbakov,R/Helsinki ,CBM 1992 (13)}) (8. Nc3 dxc4 9. Nd2 e5 10. e3 exd4 11.
exd4 Be7 12. Nxc4 O-O 13. Ne3 g6 14. Rd1 Rc8 15. Qb3 Qc7 16. a4 Rfe8 $11 {
1-0 Moskalenko,V-Sorokin,M/Moscow rapid ,EXT 1992 (27)}) (8. Nbd2 c5 (8... Be7
9. e4 dxe4 10. Nxe4 c5 11. Nxf6+ Nxf6 12. Rd1 Qc8 $11) 9. cxd5 (9. Rd1 Rc8 10.
b3 dxc4 11. Qxc4 Be7 12. Ba3 {1/2-1/2 Davies,N-Sakaev,K/Gausdal Peer Gynt 1992
(12)}) 9... Nxd5 (9... exd5 10. e4 (10. dxc5 bxc5 $132 (10... Bxc5 11. Nb3 $14)
) 10... dxe4 11. Ng5 Be7 (11... cxd4 12. Ndxe4 Nxe4 13. Bxe4 Bxe4 14. Qxe4+ Be7
15. Rd1 Nc5 16. Qc6+ Kf8 17. Qf3 Bf6 18. b4 Nd7 19. Rxd4 Rc8 20. Bf4 Qe8 21.
Re4 Qd8 22. Rd1 $18) 12. dxc5 Nxc5 13. Ndxe4 Nfxe4 14. Nxe4 Nxe4 15. Rd1 Qc8
16. Bxe4 $11) 10. e4 (10. Nb3 Be7 11. Bd2 Rc8 12. dxc5 Nxc5 $11) (10. dxc5 Nxc5
(10... bxc5 $6 11. Nc4 Be7 12. Rd1 O-O 13. a3 $14 {1-0 Krasenkov,M-Sherbakov,R/
EU Cup Cheliabinsk-Petros ,CBM 1991 (30)}) 11. Rd1 Rc8 12. a3 Be7 13. e4 Nf6
14. e5 (14. Nc4 Qc7 15. e5 Be4 16. Qe2 Nd5 $15) 14... Nd5 $11) (10. a3 Rc8 11.
dxc5 (11. e4 cxd4 12. Qa4 N5f6 13. Nxd4 $132 (13. Qxa7 $4 $19 Nc5 14. e5 Nd5 (
14... Ra8 $19) 15. b4 Ra8 $19 {0-1 Andersson,U-Atalik,S/Keres Rapid, Tallinn
EST 1998 (47)})) 11... Bxc5 12. Qa4 $11) 10... Nb4 (10... N5f6 11. e5 (11. d5
exd5 12. e5 Ng4 13. Re1 Be7 $17) 11... Nd5 12. dxc5 Nxc5 $11) 11. Qb3 cxd4 (
11... Ba6 12. Nc4 (12. Re1 cxd4 13. Nxd4 Nd3 14. Re3 N7c5 15. Qc3 Rc8 $17) (12.
Rd1 Bd3 13. Re1 cxd4 14. Nxd4 a5 15. Nc6 $11) 12... cxd4 13. Bg5 f6 14. Nxd4
Nc5 15. Qxb4 Qxd4 16. Rac1 fxg5 17. Rfd1 Qxf2+ 18. Kxf2 Nd3+ 19. Rxd3 Bxb4 20.
Nd6+ $132) 12. Nxd4 Bc5 13. Nc4 {Magerramov,E-Sorokin,M/Cheliabinsk 1991/Inf
53 (13)}) 8... Rc8 9. Nbd2 (9. Nc3 c5 10. Rd1 dxc4 11. dxc5 Bxc5 12. Bg5 Qe7
13. b4 $5 $17 {1/2-1/2 Kaidanov,G-Strauss,D/Dearborn MI ,EXT 1992 (27)}) 9...
c5 10. Bb2 Rc7 (10... dxc4 11. Qxc4 Be7 12. Rac1 $11 {1/2-1/2 Prokopchuk,
E-Payen,A/MK Cafe Cup, Koszalin POL 1998 (60)}) 11. Rac1 a6 12. Qb1 cxd4 13.
Bxd4 Ba3 14. Rcd1 b5 15. cxd5 Bxd5 16. e4 $11 {1-0 Langeweg,K-Kort,J/
Leeuwarden NED ch 1970 (39)}) 8. Nc3 Nbd7 (8... dxc4 9. Ne5 Bxe5 (9... O-O 10.
Nxc4 $14) 10. dxe5 Nd5 11. Ne4 O-O 12. Qxc4 Ba6 13. Qc2 Nb4 14. Qa4 Nd5 15. Bf3
$14) 9. e4 dxe4 (9... Nxe4 10. Nxe4 dxe4 11. Qxe4 (11. Ng5 f5 12. f3 exf3 13.
Bxf3 Qf6 $15) 11... Nf6 12. Qh4 (12. Qc2 c5 (12... O-O 13. c5 $14) 13. dxc5
bxc5 (13... Bxc5 14. Rd1 Qc8 15. b4 Be7 16. Bb2 $14) 14. Rd1 Qc7 15. b3 O-O 16.
Bb2 Rfd8 $132) 12... c5 13. Rd1 cxd4 14. Rxd4 Qe7 15. Bg5 O-O-O 16. Rad1 Bc5
$132) 10. Ng5 Be7 (10... c5 11. Ngxe4 Nxe4 12. Nxe4 Be7 13. dxc5 bxc5 14. Rd1
Qc7 15. Bg5 $14) 11. Ngxe4 Nxe4 12. Nxe4 Nf6 (12... O-O 13. Rd1 $14) 13. Bf4
O-O (13... Qxd4 $4 14. Rad1 $18) (13... Nxe4 14. Qxe4 Qd7 15. Rad1 O-O 16. Rfe1
Rfd8 17. a3 $14) 14. Rad1 Qd7 15. Rfe1 Rfe8 (15... Rad8 16. Nxf6+ (16. Ng5 h6
17. Nf3 Qc8 18. Qb3 $14) 16... Bxf6 17. Be5 Be7 18. c5 $14) 16. a3 Nxe4 (16...
Rad8 17. c5 $14 (17. b4 $14)) 17. Bxe4 h6 18. Be5 (18. b4 Rad8 19. c5 $14)
18... Bf8 19. h4 Rad8 (19... f6 $6 20. Bf4 Bd6 21. Bxd6 Qxd6 22. c5 Qc7 23. Qb3
$16) 20. b4 Qc8 21. c5 bxc5 $4 $18 (21... Qd7 22. Qe2 b5 $14) (21... b5 $14)
22. dxc5 Rxd1 (22... a5 23. bxa5 Qa8 24. Bc7 Rxd1 25. Rxd1 $18) (22... a6 23.
Rxd8 Rxd8 24. Rd1 Rxd1+ 25. Qxd1 a5 26. Bd6 axb4 27. axb4 Qd7 (27... Bxd6 28.
Qxd6 Qa8 29. b5 cxb5 30. Bxb7 Qxb7 31. c6 $18) 28. Qd3 Bxd6 29. Qxd6 Qxd6 30.
cxd6 Kf8 31. b5 $18) (22... Be7 23. Qa4 Qa8 24. Bc7 Rxd1 25. Rxd1 $18) 23. Rxd1
Rd8 (23... a5 24. bxa5 Rd8 25. Bd6 $18) 24. Bd6 Qd7 (24... Ba6 25. Bxf8 Rxf8
26. Qa4 Bb7 27. Rd6 $18) 25. Bf3 Be7 (25... Qc8 26. Bxf8 Rxf8 27. Qa4 e5 (27...
Qa8 28. Rd7 $18 (28. Rd6 Rc8 29. Rd7 $18)) 28. Rd6 Qf5 29. Bxc6 $18) (25...
Bxd6 26. Rxd6 Qc7 27. Qd3 Rxd6 28. Qxd6 Qc8 29. b5 cxb5 30. Bxb7 Qxb7 31. c6
$18) 26. Qa4 Bf6 27. Kg2 a6 (27... Qc8 28. Qxa7 Ba6 29. a4 $18 (29. Qc7 Bb5 30.
Qxc8 Rxc8 31. Bf4 $18)) 28. Be5 Qc8 29. Bxf6 Rxd1 30. Qxd1 gxf6 31. Qd6 Kg7 32.
Qe7 Kg6 33. Bh5+ Kxh5 34. Qxf7+ Kg4 35. Qg6# 1-0